| 000 | 00943nam a2200265Ia 4500 | ||
|---|---|---|---|
| 003 | OSt | ||
| 005 | 20220923224855.0 | ||
| 006 | a|||||r|||| 00| 0 | ||
| 007 | ta | ||
| 008 | 220922b |||||||| |||| 00| 0 hin d | ||
| 020 | _c800 | ||
| 024 | _a252,825 | ||
| 037 |
_b519, 09/03/2011, Eastern Book Linkers _cTextual |
||
| 040 |
_aARTS _cARTS _bhin |
||
| 041 |
_2hin _ahin |
||
| 082 | _aY:1.2, 152N3;P8 | ||
| 100 | _aगोयल, प्रीति प्रभा | ||
| 245 | 0 | _aभारतीय संस्कृति | |
| 246 | _aBhāratīya sanskṛuti | ||
| 260 |
_aजोधपुर _b राजस्थानी ग्रन्थागार _c2008 |
||
| 300 |
_a370पृ. _ccm. |
||
| 650 | _aभारतीय-लोक साहित्य | ||
| 942 |
_hY:1.2, 152N3;P8 _cTEXL _2CC |
||
| 999 |
_c374301 _d374301 |
||